Mein Werden und mein Wirken ; Erinnerungen eines alten Berliner Gelehrten /

Bibliographic Details
Main Author: Erman, Adolf, 1854-1937
Format: Book
Language:German
Published: Leipzig : Quelle & Meyer, 1929.

MARC

Tag First Indicator Second Indicator Subfields
LEADER 00000cam a2200000 4500
001 in00000013292
005 20151007052355.0
008 820120s1929 ge c 00110ager
010 |a  30028678  
035 |a (OCoLC)08079895 
035 |9 AAA7506AM 
040 |a CLU  |c CLU  |d TXA  |d UtOrBLW 
049 |a TXAM  |c [A10924075] 
050 0 |a PJ1064.E7  |b A3 1929 
050 4 |a PJ1064  |b .E7 1929 
100 1 |a Erman, Adolf,  |d 1854-1937. 
245 1 0 |a Mein Werden und mein Wirken ;  |b Erinnerungen eines alten Berliner Gelehrten /  |c von Adolf Erman. 
264 1 |a Leipzig :  |b Quelle & Meyer,  |c 1929. 
300 |a viii, 295 pages, 12 leaves of plates :  |b portraits ;  |c 24 cm. 
336 |a text  |b txt  |2 rdacontent 
337 |a unmediated  |b n  |2 rdamedia 
338 |a volume  |b nc  |2 rdacarrier 
500 |a Includes index. 
999 |a MARS 
999 f f |s 5fe1291c-6236-3a97-800a-d40abd8445e7  |i 02c396a9-5991-30d4-9c37-af7a9f6fd74d  |t 0 
952 f f |p ric  |a Texas A&M University  |b Rellis Campus  |c Joint Library Facility  |s JLF  |d Remote Storage  |t 0  |e PJ1064 .E7 1929  |h Library of Congress classification  |i unmediated -- volume  |m A14810924075 
998 f f |a PJ1064 .E7 1929  |t 0  |l Remote Storage